Đại tướng Hoàng Văn Thái với chiến dịch Điện Biên Phủ

Uloženo v:
Podrobná bibliografie
Hlavní autor: Hoàng Văn Thái
Médium: Kniha
Jazyk:Undetermined
Vydáno: H. QĐND 2004
Témata:
Tagy: Přidat tag
Žádné tagy, Buďte první, kdo otaguje tento záznam!
Thư viện lưu trữ: Trung tâm Học liệu Trường Đại học Cần Thơ
LEADER 00564nam a2200193Ia 4500
001 CTU_59929
008 210402s9999 xx 000 0 und d
020 |b 54000 
082 |a 895.9223081 
082 |b Th103 
100 |a Hoàng Văn Thái 
245 0 |a Đại tướng Hoàng Văn Thái với chiến dịch Điện Biên Phủ 
245 0 |c Hoàng Văn Thái 
260 |a H. 
260 |b QĐND 
260 |c 2004 
650 |a historical fiction, vietnamese 
904 |i Minh 
980 |a Trung tâm Học liệu Trường Đại học Cần Thơ